[Event "16th Spilimbergo Open 2018"]
[Site "Spilimbergo"]
[Date "2018.08.11"]
[Round "2.1"]
[White "Rahul Srivatshav P"]
[Black "Bacrot, Etienne"]
[Result "0-1"]
[WhiteElo "2388"]
[BlackElo "2699"]
[Annotator "TA"]
[PlyCount "84"]
[EventDate "2018.08.10"]
[EventType "swiss"]
[EventCountry "ITA"]
[SourceTitle "playchess.com"]
[Source "ChessBase"]
[SourceQuality "1"]

{[%evp 19,84,8,18,15,18,15,63,59,65,57,60,54,85,73,67,69,89,95,86,25,87,29,139,64,59,29,92,38,48,30,38,29,34,36,39,0,0,0,14,-15,0,0,0,0,0,-209,-200,-204,-204,-203,-202,-504,-496,-647,-644,-631,-638,-620,-613,-613,-218,-610,-597,-604,-456,-724,-710]} 1. d4 Nf6 2. c4 e6 3. Nf3 b6 4. a3 Bb7 5. Nc3 d5 6. cxd5 exd5 7. g3 Be7 8. Bg2 O-O 9. O-O c5 10. Bg5 Na6 {LiveBook: 7 Games. E12: Queen's Indian: Unusual White 4th moves, 4 a3, 4 Nc3 Bb7 5 a3 and 4 Nc3 Bb7} 11. dxc5 bxc5 $146 ({Predecessor:} 11... Nxc5 12. Rc1 Qd7 13. Nd4 Rac8 14. Be3 Rfd8 15. f3 a5 16. Bf2 Ne8 17. Qc2 Nd6 18. Qb1 {0-1 (33) Kobalia,M (2643)-Narciso Dublan,M (2517) Moscow 2004}) 12. Nh4 h6 {The position is equal.} 13. Bxf6 Bxf6 14. Bxd5 ({Much weaker is} 14. Nxd5 $6 Bxh4 15. gxh4 Rb8 $11) 14... Bxd5 15. Qxd5 Bxh4 16. Qc4 {[#]} ({Of course not} 16. gxh4 $6 Qxh4 17. Qc6 Qc4 $11) 16... Bxg3 $1 {[%mdl 512]} 17. hxg3 (17. fxg3 Qd4+) 17... Qb6 18. Rfd1 Rfd8 19. e4 (19. b3 $16) 19... Rac8 (19... Nc7 $11 {remains equal.}) 20. Rac1 ({Better is} 20. Rxd8+ $16 Rxd8 21. Nd5) 20... Qb7 (20... Nc7 $11) 21. Nd5 (21. Nb5 $16 {Hoping for Nd6.} Rxd1+ 22. Rxd1) 21... Re8 $14 22. Rc3 Nb8 {[#]} (22... Nc7 $11 {keeps the balance.}) 23. Rb3 (23. Qa4 $1 $16) 23... Qc6 24. Nc3 Nd7 {[%cal Bb8d7,Bd7b6,Bb6c4][%mdl 32]} 25. Qd5 Nb6 26. Qxc6 Rxc6 27. Nb5 Rxe4 28. Nxa7 Rf6 29. Rd2 Kh7 30. Kg2 Nc4 31. Rc2 $1 Ne5 32. f4 $2 {[#]} (32. Nc8 $11 {and White has nothing to worry.}) 32... c4 $1 $19 {[%cal Rc4b3]} 33. Rbc3 Nd3 34. Rxc4 Re3 35. Rd2 $2 (35. Nc6 {is tougher.} Rg6 36. Kh1) 35... Rg6 36. Rc3 Rgxg3+ 37. Kh2 Rh3+ 38. Kg1 {White hopes to continue with f5.} Re1+ 39. Kg2 Nxf4+ 40. Kf2 Rhh1 {Black is clearly winning.} 41. Kf3 Ne6 42. Nc6 (42. Kg2 $142 Ng5 43. Re2) 42... Ng5+ {Precision: White = 45%, Black = 59%.} 0-1

[Event "16th Spilimbergo Open 2018"]
[Site "Spilimbergo"]
[Date "2018.08.11"]
[Round "2.2"]
[White "Nisipeanu, Liviu-Dieter"]
[Black "Beletic, Daniel"]
[Result "1-0"]
[WhiteElo "2657"]
[BlackElo "2374"]
[Annotator "TA"]
[PlyCount "65"]
[EventDate "2018.08.10"]
[EventType "swiss"]
[EventCountry "ITA"]
[SourceTitle "playchess.com"]
[Source "ChessBase"]
[SourceQuality "1"]

{[%evp 13,65,8,12,4,10,-16,0,-11,2,-22,0,-20,0,0,0,0,10,13,34,31,26,31,35,22,30,33,35,0,55,62,71,51,65,52,79,74,98,43,85,75,69,66,89,79,95,81,69,64,211,209,312,312,286,293]} 1. e4 c5 2. Nf3 d6 3. c3 Nf6 4. Be2 Nbd7 5. d3 b6 6. O-O Bb7 7. a4 {B50: Sizilianisch (Verschiedenes mit 2...d6)} (7. Nbd2 e6 8. Re1 Be7 9. Bf1 Ne5 10. d4 Nxf3+ 11. Qxf3 O-O 12. Bd3 e5 13. Qe2 cxd4 14. cxd4 exd4 15. Nb3 {1-0 (40) Gelfand,B (2733)-Gashimov,V (2730) Odessa 2009}) 7... a6 {LiveBook: 3 Partien} 8. Na3 g6 9. Rb1 $146 {Die Stellung ist ausgeglichen.} ({Vorgänger:} 9. Ng5 Bg7 10. f4 O-O 11. Qe1 Bc6 {½-½ (11) Werner,D (2362)-Berczes,D (2293) Budapest 2004}) 9... Bg7 10. b4 cxb4 11. Rxb4 Rc8 12. c4 O-O 13. a5 b5 14. Bd2 Qxa5 15. Rxb5 Qc7 16. Ba5 Qb8 $1 17. Rb1 Qa8 18. Nc2 e6 19. Qd2 Nc5 20. Qf4 d5 (20... Nfd7 $11) 21. cxd5 exd5 22. e5 $36 {[%mdl 2048] Weiss drückt.} Ne6 23. Qd2 Nd7 {[%cal Bf6d7,Bd7c5,Bc5e4][%mdl 32]} 24. d4 {[%cal Bd3d4,Bd4e5][%mdl 32]} f6 {[%cal Rf6e5]} 25. Bb4 (25. Rfe1 $16) 25... Rfe8 {[%cal Rf6e5]} 26. Bd6 fxe5 27. dxe5 Ndc5 28. Ncd4 {Und weiter mit Db4 wäre nett.} Nxd4 29. Nxd4 {Schwarz muss nun Db4 beachten.} Ne4 30. Qb4 Bc6 ({Günstiger ist} 30... Nxd6 $14 31. exd6 Rcd8) 31. Bg4 $18 a5 (31... Nxd6 {war einen Versuch wert.} 32. exd6 (32. Qxd6 Bf8 $18) 32... Rcd8) 32. Qb6 Nxd6 33. Bxc8 {Precision: Weiß = 54%, Schwarz = 55%.} ({Weniger gut wäre} 33. exd6 Bxd4 34. Qxd4 Rcd8 $16) 1-0

[Event "16th Spilimbergo Open 2018"]
[Site "Spilimbergo"]
[Date "2018.08.11"]
[Round "2.3"]
[White "Barp, Alberto"]
[Black "Jobava, Baadur"]
[Result "0-1"]
[WhiteElo "2340"]
[BlackElo "2646"]
[Annotator "TA"]
[PlyCount "64"]
[EventDate "2018.08.10"]
[EventType "swiss"]
[EventCountry "ITA"]
[SourceTitle "playchess.com"]
[Source "ChessBase"]
[SourceQuality "1"]

{[%evp 13,64,35,27,12,19,23,14,13,22,0,-6,-23,-6,-12,0,-68,-45,-25,-11,-14,-12,-39,14,0,0,0,0,-52,-50,-48,-41,-52,-50,-59,-57,-55,-37,-37,-29,-35,-41,-28,-39,-151,-146,-614,-607,-609,-612,-600,-602,-575,-563]} 1. d4 d5 2. c4 e6 3. Nf3 c6 4. g3 dxc4 5. Bg2 Nd7 6. O-O Ngf6 7. a4 b6 {LiveBook: 4 Partien. E04: Katalanisch} 8. Qc2 Ba6 $146 ({Vorgänger:} 8... Bb7 9. Qxc4 Be7 10. Nc3 O-O 11. Rd1 Rc8 12. Bf4 c5 13. Ne5 Bxg2 14. Kxg2 cxd4 15. Qxd4 Nxe5 16. Qxe5 {½-½ (49) Raetsky,A (2393)-Fressinet,L (2638) playchess.com INT 2004}) 9. Nfd2 Rc8 {Weiß hat minimalen Vorteil.} 10. Nxc4 c5 11. dxc5 Bxc5 {Weiss muss nun ...Lxc4 beachten.} 12. Nbd2 h5 13. b3 h4 14. Ba3 (14. Bb2 $11) 14... hxg3 15. hxg3 Qc7 16. Bxc5 Qxc5 17. Rfc1 Ke7 (17... Ng4 $2 18. Ne4 $18) (17... O-O $15) 18. Qb2 Qb4 $1 19. a5 b5 {[%cal Bb6b5,Bb5b4][%mdl 32]} 20. Qa3 ({Besser ist} 20. Ne3 $11) 20... Qxa3 $15 21. Nxa3 Rxc1+ $1 22. Rxc1 b4 $1 {[%csl LRa3,LRe2][%cal Rb4a3]} 23. Nc2 Rc8 24. Kf1 Ne5 25. Ke1 $1 {[#]} Bd3 $1 {[%mdl 512]} 26. exd3 Nxd3+ 27. Kd1 Ng4 $36 {[%mdl 2048] Schwarz hat Druck.} ({Natürlich nicht} 27... Nxc1 28. Kxc1 Ng4 29. Nc4 $14) 28. Ne4 ({Der einzige Zug:} 28. Nc4 $1 $15 Ngxf2+ 29. Kd2 Nxc1 30. Kxc1) 28... f5 $17 ({Keinesfalls} 28... Nxc1 29. Kxc1 f5 30. Bf3 $17) 29. f3 $2 {[%mdl 8192] [#]} (29. Rb1 $17 fxe4 30. Kd2) 29... Ne3+ $1 $19 {[%mdl 512] Schwarz steht klar auf Gewinn.} 30. Nxe3 Rxc1+ 31. Kd2 {Droht Sf2 und aus.} fxe4 32. fxe4 Rc3 {Precision: Weiß = 33%, Schwarz = 62%.} 0-1

[Event "16th Spilimbergo Open 2018"]
[Site "Spilimbergo"]
[Date "2018.08.11"]
[Round "2.4"]
[White "Dreev, Aleksey"]
[Black "Alonso Garcia, Rene Marcial"]
[Result "1-0"]
[WhiteElo "2635"]
[BlackElo "2344"]
[Annotator "TA"]
[PlyCount "78"]
[EventDate "2018.08.10"]
[EventType "swiss"]
[EventCountry "ITA"]
[SourceTitle "playchess.com"]
[Source "ChessBase"]
[SourceQuality "1"]

{[%evp 20,78,23,19,30,0,0,0,0,0,0,0,5,0,0,0,1,0,0,0,0,0,16,14,35,36,117,127,118,112,118,115,109,124,212,210,208,211,238,235,227,233,248,253,255,241,247,238,234,182,568,561,1077,560,6045,5704,12850,5632,2144,2447,29989]} 1. d4 Nf6 2. Nf3 g6 3. g3 Bg7 4. Bg2 O-O 5. O-O d6 6. b3 c5 7. c4 e5 {E60: King's Indian: Unusual lines and Fianchetto Variation without Nc3} 8. dxe5 dxe5 9. Bb2 e4 10. Qxd8 Rxd8 11. Ng5 {LiveBook: 5 Games} Re8 12. Nc3 h6 13. Nh3 {[#]} Nh5 $146 ({Predecessor:} 13... g5 14. Nb5 Na6 15. Rad1 {½-½ (67) Meier,G (2647)-Libiszewski,F (2530) chess.com INT 2018}) 14. Rab1 Bg4 15. Nd5 {Hoping for Bxg7.} Na6 16. Rfe1 Rad8 17. a3 g5 18. Bxg7 Kxg7 19. f4 exf3 20. exf3 Rxe1+ 21. Rxe1 Bxh3 (21... Be6 {feels hotter.} 22. f4 gxf4 23. Re5 Bxh3 24. Bxh3 Nf6) 22. Bxh3 {Strongly threatening Re7.} Nf6 {[#]} (22... Kf8 $1 $14) 23. Re7 $1 $16 {Be6 is the strong threat.} Nxd5 24. cxd5 Rxd5 25. Rxb7 {[%mdl 4096] Endgame Black must now prevent Bf1. KRB-KRN} c4 26. bxc4 Rd2 (26... Rd1+ $16 27. Kf2 Kf6 28. Rxa7 Nc5) 27. Rxa7 $18 Nc5 28. Rc7 Nb3 {[#]} 29. Be6 $1 Nd4 30. Bd5 ({Inferior is} 30. Bxf7 Nxf3+ 31. Kf1 Nxh2+ 32. Kg1 Nf3+ 33. Kf1 Nh2+ 34. Kg1 Nf3+ 35. Kf1 Nh2+ $11) 30... Ne2+ 31. Kf1 Nc3 32. Bxf7 Rxh2 33. c5 {[%cal Bc4c5,Bc5c6][%mdl 32]} Kf6 34. Bc4 Nd1 $2 (34... Rc2 35. Rc6+ Ke5 36. Rxh6 Rc1+ 37. Kg2 Nb1) 35. Rf7+ {White is clearly winning.} Ke5 {If Black can now play ...Ne3+ this consolidates a bit.} 36. Re7+ Kd4 37. c6 g4 38. Re4+ (38. c7 $142 Ne3+ 39. Kg1 Rg2+ 40. Kh1 Nxc4 41. c8=Q) 38... Kc3 39. fxg4 Rh3 {Precision: White = 75%, Black = 37%.} 1-0

[Event "16th Spilimbergo Open 2018"]
[Site "Spilimbergo"]
[Date "2018.08.11"]
[Round "2.5"]
[White "Santagati, Alessandro"]
[Black "Bosiocic, Marin"]
[Result "1/2-1/2"]
[WhiteElo "2312"]
[BlackElo "2590"]
[Annotator "RC"]
[PlyCount "99"]
[EventDate "2018.08.10"]
[EventType "swiss"]
[EventCountry "ITA"]
[SourceTitle "playchess.com"]
[Source "ChessBase"]
[SourceQuality "1"]
[TimeControl "5400+30"]

1. e4 {[%emt 0:00:30]} d6 {[%emt 0:00:30]} 2. d4 {[%emt 0:00:00]} Nf6 {[%emt 0:00:00]} 3. Nc3 {[%emt 0:00:00]} g6 {[%emt 0:00:00]} 4. Bg5 {[%emt 0:00:30]} c6 {[%emt 0:00:30]} 5. Qd2 {[%emt 0:01:30]} Nbd7 {[%emt 0:00:30]} 6. f4 {[%emt 0:03:30]} d5 {[%emt 0:03:30]} 7. Bxf6 {[%emt 0:05:30]} Nxf6 {[%emt 0:00:30]} 8. e5 {[%emt 0:00:00]} Nh5 {[%emt 0:03:30]} 9. O-O-O {[%emt 0:06:00]} Bh6 {[%emt 0:03:30]} 10. g3 {[%emt 0:01:30]} Ng7 {[%emt 0:00:30]} 11. Kb1 {[%emt 0:13:30]} Qa5 {[%emt 0:04:30]} 12. h3 {[%emt 0:11:30]} b5 {[%emt 0:04:30]} 13. Qf2 {[%emt 0:05:30]} Ne6 {[%emt 0:07:30]} 14. h4 {[%emt 0:05:30]} Nc7 {[%emt 0:03:30]} 15. Bh3 {[%emt 0:02:30]} e6 {[%emt 0:02:30]} 16. Nce2 {[%emt 0:02:30]} b4 {[%emt 0:00:30]} 17. Nc1 {[%emt 0:00:30]} Bf8 {[%emt 0:00:30]} 18. g4 {[%emt 0:02:30]} Nb5 {[%emt 0:00:30]} 19. Nge2 {[%emt 0:07:30]} Qb6 {[%emt 0:00:30]} 20. f5 {[%emt 0:02:30]} a5 {[%emt 0:00:30]} 21. fxe6 {[%emt 0:02:30]} Bxe6 {[%emt 0:00:30]} 22. g5 {[%emt 0:04:30]} Be7 {[%emt 0:01:30]} 23. Bxe6 {[%emt 0:02:11]} fxe6 {[%emt 0:00:00]} 24. h5 {[%emt 0:02:24]} Rf8 {[%emt 0:01:00]} 25. Qg3 {[%emt 0:01:05]} a4 {[%emt 0:01:30]} 26. hxg6 {[%emt 0:01:18]} hxg6 {[%emt 0:01:30]} 27. Rd3 {[%emt 0:03:27]} a3 {[%emt 0:05:30]} 28. b3 {[%emt 0:02:18]} c5 {[%emt 0:00:30]} 29. Rf3 {[%emt 0:01:58]} cxd4 {[%emt 0:01:30]} 30. Rxf8+ {[%emt 0:02:00]} Bxf8 {[%emt 0:00:30]} 31. Qd3 {[%emt 0:00:51]} O-O-O {[%emt 0:00:00]} 32. Qxg6 {[%emt 0:00:29]} Kb8 {[%emt 0:00:00]} 33. Rh8 {[%emt 0:01:49]} Rc8 {[%emt 0:05:30]} 34. Qd3 {[%emt 0:00:45]} Qc5 {[%emt 0:01:30]} 35. g6 {[%emt 0:01:00]} Bg7 {[%emt 0:00:30]} 36. Rxc8+ {[%emt 0:00:32]} Kxc8 {[%emt 0:00:30]} 37. Qh3 {[%emt 0:00:35]} Kd7 {[%emt 0:00:30]} 38. Nd3 {[%emt 0:00:53]} Qe7 {[%emt 0:00:30]} 39. Nef4 {[%emt 0:01:20]} Nc3+ {[%emt 0:00:30]} 40. Ka1 {[%emt 0:00:13]} Ne4 {[%emt 0:00:30]} 41. Qg4 {[%emt 0:01:24]} Qe8 {[%emt 0:19:30]} 42. Nxd5 {[%emt 0:01:02]} Qf8 {[%emt 0:04:30]} 43. Qxe4 {[%emt 0:01:32]} Qf1+ {[%emt 0:00:30]} 44. Ne1 {[%emt 0:00:23]} exd5 {[%emt 0:00:30]} 45. Qxd5+ {[%emt 0:00:14]} Ke7 {[%emt 0:01:30]} 46. Qd6+ {[%emt 0:01:10]} Ke8 {[%emt 0:00:30]} 47. Qb8+ {[%emt 0:00:40]} Kd7 {[%emt 0:00:30]} 48. Qd6+ {[%emt 0:00:09]} Ke8 {[%emt 0:00:00]} 49. Qb8+ {[%emt 0:00:35]} Kd7 {[%emt 0:00:00]} 50. Qd6+ {[%emt 0:00:44]} 1/2-1/2

[Event "16th Spilimbergo Open 2018"]
[Site "Spilimbergo"]
[Date "2018.08.11"]
[Round "2.6"]
[White "Borisek, Jure"]
[Black "Bove, Alessandro"]
[Result "1-0"]
[WhiteElo "2576"]
[BlackElo "2308"]
[Annotator "TA"]
[PlyCount "45"]
[EventDate "2018.08.10"]
[EventType "swiss"]
[EventCountry "ITA"]
[SourceTitle "playchess.com"]
[Source "ChessBase"]
[SourceQuality "1"]

{[%evp 18,45,0,0,21,-4,0,15,5,0,0,0,-7,-23,26,30,39,0,2,0,0,0,141,134,456,444,502,496,868,869]} 1. e4 c5 2. Nf3 e6 3. d4 cxd4 4. Nxd4 Nc6 5. Nc3 Qc7 6. Be3 Nf6 7. Ndb5 Qb8 8. Qd2 {B47: Sizilianisch (Paulsen/Taimanow-Variante)} (8. f4 d6 9. Bd3 a6 10. Nd4 e5 11. Nf3 Ng4 12. Bd2 exf4 13. Bxf4 Be6 14. Qd2 Be7 15. O-O-O Nge5 {½-½ (38) Najer,E (2633)-Grachev,B (2683) Khanty-Mansiysk 2013}) 8... a6 9. Nd4 Bb4 10. f3 {LiveBook: 5 Partien. Die Stellung ist ausgeglichen.} d5 11. a3 Bxc3 12. Qxc3 Ne7 $146 ({Vorgänger:} 12... Qe5 13. O-O-O Bd7 14. Nxc6 Qxc3 15. bxc3 Bxc6 16. exd5 Nxd5 {0-1 (44) Fitz Simmons,J-Coleman,P CServe email 1996}) 13. Nb3 dxe4 14. fxe4 O-O 15. O-O-O b5 16. Nc5 $36 {[%mdl 2048] Weiss hat Druck.} a5 17. Be2 b4 18. Qd4 bxa3 19. bxa3 Bb7 (19... Ng6 $11) 20. Rhf1 $16 {Droht Txf6 und aus.} Rc8 $2 {[%mdl 8192] [#]} (20... e5 $16 {ist zäher.} 21. Qd6 Bxe4) 21. Rxf6 $1 $18 {Weiß steht klar auf Gewinn.} Nc6 22. Qb2 gxf6 (22... Qe5 $142 23. Rff1 Qxb2+ 24. Kxb2 Ne5) 23. Nd7 ({Schwächer ist} 23. Nxb7 Ne5 $18) ({Weniger gut wäre} 23. Qxb7 Qxh2 24. Nd7 Kg7 $18) 1-0

[Event "16th Spilimbergo Open 2018"]
[Site "Spilimbergo"]
[Date "2018.08.11"]
[Round "2.7"]
[White "Aleksic, Nenad"]
[Black "Skoberne, Jure"]
[Result "0-1"]
[WhiteElo "2307"]
[BlackElo "2575"]
[Annotator "TA"]
[PlyCount "54"]
[EventDate "2018.08.10"]
[EventType "swiss"]
[EventCountry "ITA"]
[SourceTitle "playchess.com"]
[Source "ChessBase"]
[SourceQuality "1"]

{[%evp 17,54,-79,-74,-89,-92,-100,-83,-85,-74,-137,-95,-120,-107,-111,-72,-95,-89,-116,-78,-69,-69,-91,-77,-115,-131,-174,-150,-286,-111,-122,-118,-372,-372,-370,-372,-332,-338,-372,-364]} 1. e4 e6 2. d4 d5 3. Nc3 Nf6 4. e5 Nfd7 5. Nf3 c5 6. dxc5 Nc6 7. Bf4 Nxc5 8. Qd2 {C11: Französische Verteidigung} (8. h4 Be7 9. h5 f5 10. Rh3 O-O 11. Nb5 Ne4 12. c3 Qb6 13. Be3 Qa5 14. Nbd4 f4 15. Bd2 Qc7 16. Nxc6 bxc6 {1-0 (61) Nepomniachtchi,I (2718)-Ding,L (2680) St Petersburg 2012}) 8... a6 9. O-O-O b5 {[%cal Bb7b5,Bb5b4][%mdl 32] LiveBook: 10 Partien} 10. Nd4 $146 {Schwarz steht besser.} ({Vorgänger:} 10. Qe3 Bb7 11. h4 Rc8 12. Kb1 Qa5 13. Rh3 Rc7 14. h5 h6 15. g4 b4 {0-1 (48) Potapov,P (2495)-Teske,H (2486) Pardubice 2017}) 10... Nxd4 11. Qxd4 b4 12. Ne2 a5 13. Qe3 (13. Kb1 $142) 13... Ba6 14. Nd4 Qb6 15. Bxa6 Qxa6 (15... Rxa6 {is interesting.} 16. Qe2 a4 17. Be3 a3 18. b3 Ra5) 16. f3 Nd7 {[%cal Bc5d7,Bd7b6,Bb6c4][%mdl 32]} 17. h4 h5 18. Kb1 Nb6 19. Rhe1 Nc4 20. Qd3 a4 21. Bc1 Bc5 22. f4 (22. g4 $17) 22... g6 $2 (22... O-O $19 {bietet bessere Gewinnchancen. Und weiter mit ...b3! wäre nett.} 23. Qe2 {[#]} b3 $1 {[%mdl 512]}) 23. f5 gxf5 24. Bg5 $2 {[%mdl 8192] [#]} (24. Nxf5 $17 b3 25. cxb3 axb3 26. a3) 24... b3 $1 $19 {[%mdl 512]} 25. cxb3 (25. axb3 axb3) 25... axb3 26. Qxb3 Kd7 27. Nb5 {Schwarz muss nun Dxc4 beachten.} Kc6 {Precision: Weiß = 19%, Schwarz = 57%.} 0-1

[Event "16th Spilimbergo Open 2018"]
[Site "Spilimbergo"]
[Date "2018.08.11"]
[Round "2.8"]
[White "Brunello, Sabino"]
[Black "Loiacono, Leonardo"]
[Result "1-0"]
[WhiteElo "2555"]
[BlackElo "2303"]
[Annotator "TA"]
[PlyCount "89"]
[EventDate "2018.08.10"]
[EventType "swiss"]
[EventCountry "ITA"]
[SourceTitle "playchess.com"]
[Source "ChessBase"]
[SourceQuality "1"]

{[%evp 24,89,39,26,37,30,65,72,86,85,111,102,110,54,62,59,61,54,59,58,93,87,106,104,104,97,95,85,86,97,113,109,117,125,247,244,237,241,231,221,278,278,362,373,371,370,402,402,402,400,376,397,394,0,337,0,386,387,384,374,324,264,541,498,6170,332,1159,323]} 1. c4 e6 2. Nf3 d5 3. d4 Nf6 4. Bg5 Be7 5. Nc3 Nbd7 6. e3 h6 7. Bh4 O-O 8. Rc1 dxc4 9. Bxc4 a6 10. a4 c5 11. O-O cxd4 {D63: Damengambit (Hauptvariante mit 7.Tc1)} 12. Nxd4 (12. Qxd4 Nb6 13. Bb3 Qxd4 14. Nxd4 Bd7 15. a5 Nc8 16. Ba4 Rd8 17. Bg3 Bd6 18. Bxd7 Rxd7 19. Na4 Bxg3 20. hxg3 {½-½ (35) Khismatullin,D (2628)-Mirzoev,A (2555) Antalya 2017}) 12... Ne5 13. Be2 {LiveBook: 3 Partien} Ng6 {Weiß hat minimalen Vorteil.} 14. Bg3 e5 $146 ({Vorgänger:} 14... Qb6 15. Qb3 Qa5 16. Qc2 Bd7 17. Rfd1 Rac8 18. Nb3 Qb6 19. a5 {½-½ (41) Epishin,V (2475)-Goldin,A (2500) Vilnius 1988}) 15. Nf3 e4 16. Nd2 Bf5 17. Qb3 Bd6 {[#]} (17... Qxd2 $2 18. Rfd1 $18) 18. Rfd1 (18. Ndxe4 $1 $16 {[%mdl 512]} Nxe4 (18... Bxe4 19. Rfd1) 19. Nxe4 Bxe4 20. Rfd1) 18... Bxg3 $14 19. hxg3 {Droht stark Sdxe4.} Qe7 20. Nd5 Nxd5 21. Qxd5 Qd7 22. Qa5 Rac8 23. Nc4 Qe6 24. Qb4 Rb8 25. Nd6 Ne5 26. Rc7 Bg4 {[#]} 27. Bxg4 $1 Qxg4 28. Rd5 Rfd8 (28... f6 $16 29. Nxe4 (29. Qxe4 Qxe4 30. Nxe4 Rfc8 $16) (29. Rxb7 Rxb7 30. Qxb7 Qe2 $16) 29... Rfc8 30. Rxc8+ Qxc8) 29. Rxe5 $18 Qd1+ 30. Kh2 Rxd6 31. Qxe4 Rf8 32. Rxb7 ({Jedoch nicht} 32. Qxb7 $6 g5 $16) 32... g5 33. g4 Rf6 34. Rf5 Rxf5 35. Qxf5 Qxa4 {[%mdl 4096] Endspiel [#] KDT-KDT} 36. Rb6 $1 {[%cal Rb6h6]} Kg7 37. Qf6+ Kg8 38. Qf5 Kg7 39. Qf6+ $40 {[%mdl 128] Weiss hat was vor.} Kg8 40. Qxh6 Qxg4 41. Rxa6 Qf5 42. Rf6 Qe5+ $2 (42... Qh7 43. Qxh7+ Kxh7) 43. f4 Qb5 (43... gxf4 $142 44. exf4 Qd5) 44. Rb6 $2 (44. e4 {Droht Matt per Tf5.} Qc5 45. e5) 44... Qc5 $2 (44... Qf5 45. Rf6 Qh7 46. Qxh7+ Kxh7) 45. b4 $2 {Precision: Weiß = 68%, Schwarz = 47%.} (45. e4 Qe7 46. Rf6) 1-0

[Event "16th Spilimbergo Open 2018"]
[Site "Spilimbergo"]
[Date "2018.08.11"]
[Round "2.9"]
[White "Vezzosi, Paolo"]
[Black "Krysa, Leandro"]
[Result "1/2-1/2"]
[WhiteElo "2301"]
[BlackElo "2523"]
[Annotator "ChessBase"]
[PlyCount "100"]
[EventDate "2018.08.10"]
[EventType "swiss"]
[EventCountry "ITA"]
[SourceTitle "playchess.com"]
[Source "ChessBase"]
[SourceQuality "1"]
[TimeControl "5400+30"]

1. e4 {[%emt 0:00:30]} e5 {[%emt 0:01:30]} 2. Nf3 {[%emt 0:00:00]} Nc6 {[%emt 0:00:30]} 3. Bb5 {[%emt 0:00:00]} a6 {[%emt 0:00:30]} 4. Ba4 {[%emt 0:00:30]} Nf6 {[%emt 0:00:30]} 5. O-O {[%emt 0:00:30]} Be7 {[%emt 0:01:30]} 6. Re1 {[%emt 0:00:30]} b5 {[%emt 0:00:30]} 7. Bb3 {[%emt 0:00:30]} d6 {[%emt 0:00:00]} 8. c3 {[%emt 0:00:00]} O-O {[%emt 0:00:00]} 9. h3 {[%emt 0:00:00]} Na5 {[%emt 0:00:30]} 10. Bc2 {[%emt 0:00:30]} c5 {[%emt 0:00:30]} 11. d4 {[%emt 0:00:30]} Nd7 {[%emt 0:00:00]} 12. dxc5 {[%emt 0:01:30]} dxc5 {[%emt 0:00:00]} 13. Nbd2 {[%emt 0:00:30]} Bb7 {[%emt 0:03:30]} 14. Nf1 {[%emt 0:01:30]} Nc4 {[%emt 0:00:30]} 15. Ng3 {[%emt 0:02:30]} Nd6 {[%emt 0:01:30]} 16. Nh2 {[%emt 0:15:30]} Re8 {[%emt 0:05:30]} 17. Ng4 {[%emt 0:02:30]} Bf8 {[%emt 0:04:30]} 18. b3 {[%emt 0:11:30]} Qh4 {[%emt 0:08:30]} 19. Be3 {[%emt 0:03:30]} Rad8 {[%emt 0:15:30]} 20. Qc1 {[%emt 0:02:30]} Qe7 {[%emt 0:01:30]} 21. a4 {[%emt 0:00:30]} f6 {[%emt 0:03:30]} 22. axb5 {[%emt 0:09:30]} axb5 {[%emt 0:02:30]} 23. h4 {[%emt 0:03:30]} Ra8 {[%emt 0:04:30]} 24. Qd2 {[%emt 0:01:30]} Rxa1 {[%emt 0:13:30]} 25. Rxa1 {[%emt 0:00:00]} Ra8 {[%emt 0:00:30]} 26. Rxa8 {[%emt 0:00:00]} Bxa8 {[%emt 0:00:30]} 27. f3 {[%emt 0:00:30]} Bc6 {[%emt 0:05:30]} 28. Qd1 {[%emt 0:08:30]} Qd8 {[%emt 0:03:30]} 29. Qa1 {[%emt 0:00:30]} Qa8 {[%emt 0:00:30]} 30. Qxa8 {[%emt 0:00:30]} Bxa8 {[%emt 0:00:30]} 31. Nf5 {[%emt 0:09:30]} Ne8 {[%emt 0:07:45]} 32. h5 {[%emt 0:03:30]} Kf7 {[%emt 0:02:05]} 33. Bd3 {[%emt 0:11:37]} Bc6 {[%emt 0:02:30]} 34. c4 {[%emt 0:00:29]} b4 {[%emt 0:00:27]} 35. Bf2 {[%emt 0:01:57]} Nc7 {[%emt 0:01:09]} 36. Nfe3 {[%emt 0:02:22]} Ne6 {[%emt 0:01:04]} 37. Nd5 {[%emt 0:02:50]} Nf4 {[%emt 0:06:58]} 38. Nxf4 {[%emt 0:01:10]} exf4 {[%emt 0:00:02]} 39. e5 {[%emt 0:01:01]} Nxe5 {[%emt 0:02:40]} 40. Nxe5+ {[%emt 0:00:07]} fxe5 {[%emt 0:00:03]} 41. Bxh7 {[%emt 0:00:06]} Ke6 {[%emt 0:00:58]} 42. Bg6 {[%emt 0:01:18]} e4 {[%emt 0:01:02]} 43. fxe4 {[%emt 0:00:05]} Ke5 {[%emt 0:00:09]} 44. Kf1 {[%emt 0:00:53]} Bxe4 {[%emt 0:00:59]} 45. Bxe4 {[%emt 0:00:07]} Kxe4 {[%emt 0:00:23]} 46. Ke2 {[%emt 0:00:02]} Be7 {[%emt 0:01:05]} 47. Bg1 {[%emt 0:00:15]} Bd6 {[%emt 0:00:26]} 48. Bf2 {[%emt 0:00:55]} Be7 {[%emt 0:00:43]} 49. Bg1 {[%emt 0:00:22]} Bd6 {[%emt 0:00:22]} 50. Bf2 {[%emt 0:00:04]} Be7 {[%emt 0:01:00]} 1/2-1/2